Most International Airports - Statistics

General Stats
  • This quiz has been taken 45 times
  • The average score is 11 of 20
Answer Stats
# Airport % Correct
114 Paris-Charles de Gaulle
88%
105 Dubai International
85%
54 Athens
80%
94 Frankfurt
78%
86 Doha
76%
118 Istanbul
76%
42 Los Angeles
76%
73 Madrid
76%
48 Singapore
68%
51 Atlanta-Hartsfield-Jackson
66%
56 Beijing-Capital
63%
85 Amsterdam
61%
43 Hong Kong
49%
83 London Heathrow
44%
63 Vienna
39%
50 Istanbul-Sabiha Gökçen
34%
53 Copenhagen
24%
55 Bangkok-Suvarnabhumi
12%
66 Toronto-Pearson
7%
48 Seoul-Incheon
2%
No matching quizzes found
Score Distribution
Percent of People with Each Score
Percentile by Number Answered
Your Score History
You have not taken this quiz